000 02732nam a2200577 i 4500
001 194583
003 SpMaBN
005 20250904081457.0
008 240506s2018 sp a | |||| 000 0cspa
015 _aMON18
017 _aM 8281-2018
_bOficina Depósito Legal Madrid
020 _a9788415606642
035 _a(OCoLC)1117421203
040 _aSpMaBN
_bspa
_cSpMaBN
_erda
080 _a929(460):784
100 _aAguilar, José,
_d1973-
_0XX1644188
_9236227
_eaut
245 1 0 _aAzúcar, canela y clavo :
_bmis divas folclóricas /
_cJosé Aguilar
264 1 _aMadrid :
_bNotorious Ediciones,
_c[2018]
264 4 _c©2018
300 _a174 páginas, 18 páginas de láminas sin numerar (color) :
_bfotografías (blanco y negro) ;
_c32 cm
336 _aTexto
_aImagen fija
_2rdacontent
337 _asin mediación
_2rdamedia
338 _avolumen
_2rdacarrier
520 _aDesde Raquel Meller a Rocío Jurado, de Imperio Argentina a Lola Flores, este libro realiza una amena semblanza de las 16 folclóricas más importantes y populares de nuestro país. Concha Piquer, Juanita Reina, Pastora Imperio, Paquita Rico, Carmen Sevilla, Isabel Pantoja, Nati Mistral, Marujita Díaz, Antoñita Colomé, Marifé de Triana, Lolita Sevilla y Estrellita Castro completan este esplendoroso recorrido cargado de fotografías, anécdotas, recuerdos y declaraciones exclusivas.
600 1 4 _9240717
_aImperio, Pastora,
_d1887-1979
600 1 7 _9139511
_aMeller, Raquel
600 1 7 _2embne
_9240718
_aPiquer, Conchita,
_d1908-1990
600 1 4 _9240719
_aNile del Río, Magdalena,
_d1910-2003
600 1 4 _aCastro, Estrellita,
_d1912-1983
_9240720
600 1 7 _2embne
_9240721
_aColomé, Antoñita,
_d1912-2005
600 1 4 _9240722
_aFlores, Lola,
_d1923-1995
600 1 4 _9240723
_aReina, Juanita,
_d1925-1999
600 1 4 _9240724
_aMistral, Nati,
_d1928-2017
600 1 4 _9240725
_aRico, Paquita,
_d1929-2017
600 1 4 _9240726
_aSevilla, Carmen,
_d1930-2023
600 1 4 _9240727
_aDíaz, Marujita,
_d1932-2015
600 1 4 _9240728
_aSevilla, Lolita,
_d1936-2013
600 0 4 _9240729
_aMarifé de Triana,
_d1936-2013
600 1 4 _9240730
_aJurado, Rocío,
_d1945-2006
600 1 4 _9240731
_aPantoja, Isabel,
_d1956-
650 0 _aTonadilleras
_2embne
_9236228
655 0 _aBiografías
_9176647
852 _aES-MaACL
_cDEPOJ
_jN-9889
_xEncuadernación cartoné
_dDB-37
_hDonación: José Aguilar
_9205808
901 _aMON1903
903 _918696
_aAguilar, José
_ednr
942 _cMONOGRAFIA
_n0
999 _c194583
_d194583